10+ Scotland Caps Since 2000 - Statistics

General Stats
  • This quiz has been taken 68 times
  • The average score is 36 of 106
Answer Stats
Debut Last Most Apps For Pos Player Cps Gls % Correct
2018 Manchester United DM Scott McTominay 50 8
98%
2014 Liverpool LB Andrew Robertson 70 3
96%
2016 Aston Villa CM John McGinn 67 18
88%
2003 2017 Manchester United CM Darren Fletcher 79 5
86%
2008 2018 Hibernian ST Steven Fletcher 31 4
86%
2007 2015 Stoke City CM Charlie Adam 26
79%
2016 Celtic LB Kieran Tierney 46 1
77%
2017 Celtic CM Callum McGregor 61 3
75%
2007 2018 Rangers GK Allan McGregor 41
73%
2021 Southampton ST Ché Adams 31 6
73%
2004 Hearts GK Craig Gordon 75
68%
1998 2009 Rangers DM Barry Ferguson 40 3
66%
2021 Brighton & Hove Albion DM Billy Gilmour 28 1
66%
2021 Aberdeen CM Lewis Ferguson 12
64%
2005 2017 Celtic CM Scott Brown 53 4
63%
2017 Southampton CM Stuart Armstrong 50 5
63%
2007 2016 Aston Villa RB Alan Hutton 48
59%
2001 2013 Rangers ST Kenny Miller 69 18
59%
2011 Celtic RM James Forrest 39 5
55%
2007 2019 Rangers SS Steven Naismith 49 8
54%
2023 Norwich City GK Angus Gunn 11
50%
2020 Queens Park Rangers ST Lyndon Dykes 36 9
50%
2017 Celtic AM Ryan Christie 50 6
50%
2011 Blackburn Rovers CB Grant Hanley 51 2
46%
2004 2021 Cardiff City GK David Marshall 46
45%
2019 Celtic LB Greg Taylor 14
45%
2016 Norwich City CM Kenny McLean 40 2
45%
2021 Everton RB Nathan Patterson 21 1
45%
2017 Bournemouth LW Ryan Fraser 26 4
45%
2018 Club Brugge CB Jack Hendry 32 3
43%
2011 2019 Leeds United RW Robert Snodgrass 29 7
43%
2018 Aberdeen CB Scott McKenna 35 1
43%
1997 2010 Everton CB David Weir 49 1
41%
2008 2017 West Bromwich Albion CM James Morrison 45 3
41%
2022 Bologna LB Aaron Hickey 14
39%
2019 Hearts ST Lawrence Shankland 12 3
39%
2010 2017 Crystal Palace CM James McArthur 32 4
38%
2019 Leeds United CB Liam Cooper 19
38%
2017 Aberdeen CM Ryan Jack 20
38%
2006 2010 Kilmarnock ST Kris Boyd 18 7
36%
2002 2013 Celtic CB Gary Caldwell 55 2
34%
2015 2018 Newcastle United RM Matt Ritchie 14 3
34%
2018 2021 Sheffield United ST Oli McBurnie 16
32%
2001 2011 Burnley CB Steven Caldwell 12
32%
2021 Celtic RB Anthony Ralston 10 1
29%
2010 2017 Sheffield Wednesday CM Barry Bannan 26
29%
2000 2009 Everton LB Gary Naysmith 46 1
29%
2013 2017 Watford LM Ikechi Anya 28 3
29%
2002 2010 Everton LW James McFadden 48 13
29%
2014 2019 Sporting Kansas City RW Johnny Russell 13 1
29%
1995 2003 Celtic DM Paul Lambert 18
29%
2022 Hibernian CB Ryan Porteous 12 1
29%
1997 2008 West Ham United CB Christian Dailly 46 4
27%
2012 2019 West Bromwich Albion RW Matt Phillips 16 1
27%
2000 2004 Manchester City ST Paul Dickov 10 1
27%
2014 2017 Derby County ST Chris Martin 16 2
25%
2019 2021 Livingston CB Declan Gallagher 10
25%
2012 2020 Celtic ST Leigh Griffiths 22 4
25%
1997 2001 Leicester City CB Matt Elliott 11 1
25%
2011 2017 Norwich City CB Russell Martin 28
25%
1998 2002 Kilmarnock RM Allan Johnston 10
23%
2008 2017 Hearts CB Christophe Berra 40 4
23%
1995 2003 Chelsea AM Craig Burley 10
23%
2021 Hibernian ST Kevin Nisbet 11 1
23%
2002 2008 Aberdeen CB Russell Anderson 11
23%
2005 2016 Celtic AM Shaun Maloney 45 4
23%
2009 2016 Hibernian RB Steven Whittaker 31
23%
1999 2003 West Ham United CM Don Hutchison 19 2
21%
1999 2004 Wolverhampton Wanderers CM Colin Cameron 25 1
20%
1996 2005 Celtic RB Jackie McNamara 24
20%
2009 2017 Rangers LB Lee Wallace 10
20%
2002 2005 Dundee GK Rab Douglas 18
20%
2006 2010 Celtic CB Stephen McManus 26 2
20%
2000 2006 Hearts CB Steven Pressley 32
20%
2016 2020 Sheffield United ST Oliver Burke 13 1
18%
2008 2016 Leeds United SS Ross McCormack 13 2
18%
2018 2022 Motherwell RB Stephen O'Donnell 26
18%
2002 2004 St. Mirren ST Steven Thompson 15 2
18%
1996 2001 Dundee United ST Billy Dodds 11 3
16%
2016 2020 Hearts ST Callum Paterson 17
16%
2012 2019 Celtic CB Charlie Mulgrew 44 3
16%
1998 2005 Rangers LW Neil McCann 21 3
16%
1997 2003 Doncaster Rovers GK Neil Sullivan 15
16%
2004 2006 Portsmouth CM Nigel Quashie 14 1
16%
2010 2014 Sunderland RB Phil Bardsley 13
16%
1995 2004 Dunfermline Athletic ST Stevie Crawford 24 3
16%
2003 2013 Hearts CB Andy Webster 28 1
14%
2002 2009 Hibernian ST Garry O'Connor 15 4
14%
2001 2009 Dundee CM Gavin Rae 14
14%
2002 2009 Preston North End DM Graham Alexander 39
14%
2009 2015 West Bromwich Albion CM Graham Dorrans 11
14%
2002 2003 Rangers RB Maurice Ross 12
14%
2005 2010 Hearts CM Paul Hartley 25 1
14%
2007 2012 Dundee United CM Barry Robson 17 1
13%
2011 2017 Huddersfield Town ST Jordan Rhodes 13 3
13%
2008 2013 Celtic AM Kris Commons 12 2
13%
2004 2010 Rangers CB Lee McCulloch 18 1
13%
1995 2003 Nottingham Forest CM Scot Gemmill 10
13%
2002 2011 Blackpool LB Stephen Crainey 12
9%
2000 2004 Norwich City CM Gary Holt 10 1
7%
2006 2009 Wigan Athletic RW Gary Teale 13
7%
2003 2007 Motherwell CM Stephen Pearson 10
7%
2009 2012 Ross County RM Don Cowie 10
5%
2002 2003 Dundee CB Lee Wilkie 10 1
5%
2002 2003 Sheffield United CM Paul Devlin 10
2%
2001 2006 Aberdeen CM Scott Severin 14
0%
No matching quizzes found
Score Distribution
Percent of People with Each Score
Percentile by Number Answered
Your Score History
You have not taken this quiz